书目信息 |
| 题名: |
中国名帝选讲
|
|
| 作者: | 尤玉祥 著 | |
| 分册: | ||
| 出版信息: | 北京 线装书局 2019 |
|
| 页数: | 483页 | |
| 开本: | 24cm | |
| 丛书名: | ||
| 单 册: | ||
| 中图分类: | K827=2 | |
| 科图分类: | ||
| 主题词: | 皇帝--huang di--人物研究--中国 | |
| 电子资源: | ||
| ISBN: | 978-7-5120-3627-7 | |
| 000 | 00984nam0 2200229 450 | |
| 001 | 2160513333 | |
| 005 | 20210926145310.0 | |
| 010 | @a978-7-5120-3627-7@dCNY82.00 | |
| 100 | @a20190626d2019 em y0chiy50 ea | |
| 101 | 0 | @achi |
| 102 | @aCN@b110000 | |
| 105 | @ay z 000yd | |
| 106 | @ar | |
| 200 | 1 | @a中国名帝选讲@Azhong guo ming di xuan jiang@f尤玉祥著 |
| 210 | @a北京@c线装书局@d2019 | |
| 215 | @a483页@d24cm | |
| 330 | @a本书所选的秦始皇、汉高祖刘邦、汉武帝刘彻、唐太宗李世民、女皇武则天等六位中国皇帝的资料多来自《史记》和《资治通鉴》,另外参考了相关的断代史和野史,以及许多中国历史人物的传记作品。讲稿的编写采取了文白夹杂的形式,既有对文言史料的摘录,也有对所录文言史料的意译。了解他们的人生经历,也能以点带面地认识我国两千多年来的皇权专制社会的历史,并能引申理解人性的本质。 | |
| 606 | 0 | @a皇帝@Ahuang di@x人物研究@y中国 |
| 690 | @aK827=2@v5 | |
| 701 | 0 | @a尤玉祥@Ayou yu xiang@f(1949.10-)@4著 |
| 801 | 0 | @aCN@b百万庄@c20210926 |
| 905 | @b1300695-98@dK827=2@e1052@f4 | |
| 中国名帝选讲/尤玉祥著.-北京:线装书局,2019 |
| 483页;24cm |
| ISBN 978-7-5120-3627-7:CNY82.00 |
| 本书所选的秦始皇、汉高祖刘邦、汉武帝刘彻、唐太宗李世民、女皇武则天等六位中国皇帝的资料多来自《史记》和《资治通鉴》,另外参考了相关的断代史和野史,以及许多中国历史人物的传记作品。讲稿的编写采取了文白夹杂的形式,既有对文言史料的摘录,也有对所录文言史料的意译。了解他们的人生经历,也能以点带面地认识我国两千多年来的皇权专制社会的历史,并能引申理解人性的本质。 |
| ● |
| 相关链接 |
|
|
|
|
正题名:中国名帝选讲
索取号:K827=2/1052
 
预约/预借
| 序号 | 登录号 | 条形码 | 馆藏地/架位号 | 状态 | 备注 |
| 1 | 1300695 | 213006959 | 第二样本阅览室/ [索取号:K827=2/1052] | 在馆 | |
| 2 | 1300696 | 213006968 | 第二借阅区/ [索取号:K827=2/1052] | 在馆 | |
| 3 | 1300697 | 213006977 | 第二借阅区/ [索取号:K827=2/1052] | 在馆 | |
| 4 | 1300698 | 213006986 | 第二借阅区/ [索取号:K827=2/1052] | 在馆 |